Hadia-E-Mahdavia (Record no. 4192)

MARC details
000 -LEADER
fixed length control field 00557nam a2200241 a 4500
020 ## - INTERNATIONAL STANDARD BOOK NUMBER
ISBN
082 00 - DEWEY DECIMAL CLASSIFICATION NUMBER
Classification number 297.831
Author Cutter MUH
100 ## - MAIN ENTRY--AUTHOR NAME
Author name Muhammad, Abu Rija
245 ## - TITLE STATEMENT
Title Hadia-E-Mahdavia
260 ## - PUBLICATION, DISTRIBUTION, ETC. (IMPRINT)
Place of publication Kanpur
Name of publisher Nizami Press
Year of publication 1866
300 ## - PHYSICAL DESCRIPTION
Number of Pages 312p
500 ## - GENERAL NOTE
General note includes index and biblioraphy
505 2# - FORMATTED CONTENTS NOTE
Formatted contents note Index
650 ## - SUBJECT ADDED ENTRY--TOPICAL TERM
Topical Term Mahdavia
942 ## - ADDED ENTRY ELEMENTS (KOHA)
Koha item type Books
700 1# -
-- Muhammad, Abu Rija
Holdings
Collection code Home library Current library Date acquired Cost, normal purchase price Full call number Accession Number Koha item type
  Henry Martyn Institute Library Henry Martyn Institute Library 06/29/2007 0.50 297.831 MUH 06903 Books
                   Copyright © 2026 | Henry Martyn Institute | Hyderabad | TS-500052 | INDIA | Implemented by hmi.edu.in
Hit-Count:

Powered by Koha